000 00817cab a2200241 4500
001 WB3444-09
008 090401t1998 xxu||||| |||| 00| 0 eng d
035 _a(Sirsi) u89821
041 _aeng
245 _aLand Securities warning
260 _c1998
350 _a0
490 _aFinancial Times
_v19 November 1998, 32(1)
520 _aLand Securities, the largest quoted property company in the UK, reports flat rents for the six months to 30 September, leading analysts to suggest that growth in the property sector may slow or stall.
650 _aECONOMIC FORECASTS
650 _aLAND SECURITIES
650 _aPROPERTY COMPANIES
650 _aPROPERTY MARKET
650 _aPROPERTY SHARES
690 _aPROPERTY-COMMERCIAL PROPERTY-COMMERCIAL PROPERTY MARKET
942 _n0
948 _c19/11/1998
999 _c56860
_d56860